Modern university physics, (Record no. 184474)

000 -LEADER
fixed length control field 01410 a2200169 4500
003 - CONTROL NUMBER IDENTIFIER
control field Nust
005 - DATE AND TIME OF LATEST TRANSACTION
control field 20170207153349.0
040 ## - CATALOGING SOURCE
Transcribing agency Nust
082 ## - DEWEY DECIMAL CLASSIFICATION NUMBER
Classification number 539
100 ## - MAIN ENTRY--PERSONAL NAME
Personal name Richards, James A.
245 ## - TITLE STATEMENT
Title Modern university physics,
Statement of responsibility, etc. Richards, James A. (James Austin), 1916-
260 ## - PUBLICATION, DISTRIBUTION, ETC.
Place of publication, distribution, etc. Reading, Mass.,
Name of publisher, distributor, etc. Addison-Wesley Pub. Co.
Date of publication, distribution, etc. [1960]
300 ## - PHYSICAL DESCRIPTION
Extent 993 p. illus. 24 cm.
Other physical details illus. 24 cm.
505 ## - FORMATTED CONTENTS NOTE
Formatted contents note 1.composition and resolution of vectors(page 1)2.Equilibrium(page 19)3.Equalibrium moment of a force(page 38)4.Rectilinear motion(page 54)5.Newton,s second law Gravitation(page 81)6.Motion in a plane (page 107)7.Work and energy(page 128)8.Impulse and momentum(page 159)9.Rotation(page 179)10.Elaciticity(page 210)11.Harmonic motion(page 223)12.Wave motion(page 239)13.Vibrating bodies(page 262)14.Hydrostatics(page 275)15.Temperature Expansion(page 289)16.Work and heat(page 307)17.The laws of thermodynamics(page 331)18.The ideal gas and the atomic view of matter(page 353)19.Coloumb,s law(page 381)20.The electric field(page 391)21.Potential (page 418)22.Current and resistance(page 438)23.Direct current circuits(page 455)24.The magnetic field(page 477)25.Magnetic forces on current conductors(page 502)polirization(page 695)43.Nuclear reaction and artificial radioactivity(page 887)45.Cosmic rays and the fundamental particles(page 952)
538 ## - SYSTEM DETAILS NOTE
System details note Almirah No.17 Shelf No.3
650 ## - SUBJECT ADDED ENTRY--TOPICAL TERM
Topical term or geographic name entry element Modern physics,
942 ## - ADDED ENTRY ELEMENTS (KOHA)
Source of classification or shelving scheme
Koha item type Book
Holdings
Withdrawn status Lost status Source of classification or shelving scheme Damaged status Not for loan Permanent Location Current Location Shelving location Date acquired Full call number Barcode Date last seen Price effective from Koha item type Public note
          Military College of Signals (MCS) Military College of Signals (MCS) General Stacks 12/12/2016 539,RIC MCS6322 12/08/2016 12/12/2016 Book Almirah No.77, Shelf No.3
© 2023 Central Library, National University of Sciences and Technology. All Rights Reserved.